Eduardo Calsamiglia : Obra literaria
Shranjeno v:
| Glavni avtor: | |
|---|---|
| Format: | Knjiga |
| Jezik: | Undetermined |
| Izdano: |
San José, Costa Rica
Editorial de la Universidad de Costa Rica
2006
|
| Teme: | |
| Oznake: |
Označite
Brez oznak, prvi označite!
|
MARC
| LEADER | 00000nam a2200000Ia 4500 | ||
|---|---|---|---|
| 008 | 170316s9999 xx 000 0 und d | ||
| 040 | |a cru BVZT | ||
| 090 | |a 868 C-2.1e | ||
| 100 | |a Calsamiglia, Eduardo |9 877 | ||
| 245 | |a Eduardo Calsamiglia : Obra literaria |c / Eduardo Calsamiglia | ||
| 260 | |a San José, Costa Rica |b Editorial de la Universidad de Costa Rica |c 2006 | ||
| 300 | |a 601 páginas | ||
| 650 | |a LITERATURA COSTARRICENSE |9 17 | ||
| 650 | |a CALSAMIGLIA EDUARDO - BIOGRAFÍA |9 878 | ||
| 650 | |a OBRAS DE EDUARDO CALSAMIGLIA |9 879 | ||
| 650 | |a DRAMATURGIA COSTARRICENSE - SIGLO XX |9 880 | ||
| 999 | |c 10811 |d 10811 | ||
| 942 | |c 15 D |h 868 C-2.1e |2 z | ||
